La teología del siglo XX: la teología contemporánea 1945-1980

Uloženo v:
Podrobná bibliografie
Hlavní autor: Winling, Raymond (Autor)
Médium: Kniha
Jazyk:španělština
Vydáno: Salamanca Sígueme 1987
Témata:
Tagy: Přidat tag
Žádné tagy, Buďte první, kdo vytvoří štítek k tomuto záznamu!

MARC

LEADER 00000nam a2200000 a 4500
001 UCX6829
003 CL-VaPUC
008 930824e19870000SP |||||||||||||||||spa|d
082 0 4 |a 230  |b WIN  |2 21 
100 0 |a Winling, Raymond  |e author  |9 323469 
245 1 3 |a La teología del siglo XX: la teología contemporánea 1945-1980 
300 |a 369 p 
942 |c BK 
945 |d 19930824 00:00:00 
260 |a Salamanca  |b Sígueme  |c 1987 
600 0 |a Iglesia católica  |9 255129 
650 0 |a Teología dogmática   |9 313198 
650 0 |a Historia siglo 20  |9 255736 
583 |a last modification  |c 19930824 00:00:00  |k Rodrigo Vera 
999 |c 226778  |d 226776 
952 |0 0  |1 2  |4 0  |6 230_000000000000000_WIN_1987  |7 0  |8 A  |9 225379  |a BIBTEO  |b BIBTEO  |d 2019-11-15  |i 2940809  |o 230 WIN 1987  |p 2940809  |r 2019-11-15  |w 2019-11-15  |y BK  |k ICR